The Lighthouse : Selected Essays on Education, Literature and Economy (Record no. 14009)
[ view plain ]
| 000 -LEADER | |
|---|---|
| fixed length control field | 00316nam a22001217a 4500 |
| 020 ## - INTERNATIONAL STANDARD BOOK NUMBER | |
| ISBN | 9789696370185 |
| 082 ## - DEWEY DECIMAL CLASSIFICATION NUMBER | |
| Classification number | 330.15 |
| 100 ## - MAIN ENTRY--AUTHOR NAME | |
| Personal name | Muttahir Ahmed Khan |
| 245 ## - TITLE STATEMENT | |
| Title | The Lighthouse : Selected Essays on Education, Literature and Economy |
| 260 ## - PUBLICATION, DISTRIBUTION, ETC. (IMPRINT) | |
| Place of publication | Karachi |
| Name of publisher | Paramount |
| Year of publication | 2014 |
| 300 ## - PHYSICAL DESCRIPTION | |
| Number of Pages | 206 pages |
| 942 ## - ADDED ENTRY ELEMENTS (KOHA) | |
| Koha item type | Books |
| Withdrawn status | Lost status | Collection code | Permanent Location | Current Location | Shelving location | Date acquired | Full call number | Accession Number | Koha item type |
|---|---|---|---|---|---|---|---|---|---|
| | | English Literature | MAJU | MAJU | Shelf No.A15 | 2025-06-03 | 330.15 | 7914 | Books |